[Event "V Weekend A"]
[Site "Porto Sant'Elpidio ITA"]
[Date "2002.11.10"]
[Round "6"]
[White "Giobbi, Costantino"]
[Black "Santurbano, Maria Vincenza"]
[Result "1-0"]
[WhiteElo "1734"]
[BlackElo "1731"]
[PlyCount "115"]
[EventDate "2002.11.02"]

1. d4 Nf6 2. c4 e6 3. Nf3 d5 4. Nc3 Be7 5. Bg5 Nbd7 6. e3 O-O 7. Bd3 c6 8. Rc1
a6 9. c5 Re8 10. O-O e5 11. dxe5 Nh5 12. Bxe7 Qxe7 13. Qc2 Nxe5 14. Nxe5 Qxe5
15. Bxh7+ Kf8 16. Bd3 Qe7 17. Ne2 Qg5 18. Ng3 Nxg3 19. hxg3 Re6 20. Be2 Rh6 21.
Qa4 Bf5 22. Qf4 Qxf4 23. exf4 Re8 24. Bf3 Rhe6 25. Rfd1 Be4 26. Bxe4 Rxe4 27.
Rc2 Re2 28. Rdc1 d4 29. Rxe2 Rxe2 30. Rd1 Rxb2 31. Rxd4 Rxa2 32. Rb4 a5 33.
Rxb7 a4 34. Rc7 a3 35. Rxc6 Ra1+ 36. Kh2 a2 37. Ra6 Ke7 38. g4 Kd7 39. Kg3 Kc7
40. c6 Kd6 41. Kf3 Kc7 42. g5 Kd6 43. Kg3 Rc1 44. c7+ Kxc7 45. Rxa2 Kb7 46. Re2
Rc7 47. Kg4 Kc8 48. f5 Kd8 49. f6 g6 50. Rd2+ Ke8 51. Re2+ Kf8 52. Ra2 Ke8 53.
Ra8+ Kd7 54. Rf8 Kd6 55. Rd8+ Ke6 56. Re8+ Kd6 57. Rd8+ Ke5 58. f4+ 1-0

[Event "V Weekend A"]
[Site "Porto Sant'Elpidio ITA"]
[Date "2002.11.10"]
[Round "6"]
[White "Luciani, Valerio"]
[Black "Miandro, Roberto"]
[Result "1/2-1/2"]
[WhiteElo "2152"]
[BlackElo "1906"]
[PlyCount "65"]
[EventDate "2002.11.02"]

1. d4 d5 2. c4 dxc4 3. Nf3 a6 4. a4 Nc6 5. e3 Na5 6. Ne5 Nf6 7. Nxc4 Nxc4 8.
Bxc4 e6 9. Nc3 Be7 10. e4 c6 11. Be3 O-O 12. O-O Qa5 13. e5 Nd5 14. Ne4 Rd8 15.
Qh5 Nxe3 16. fxe3 Rf8 17. Rf3 f5 18. Ng5 Bxg5 19. Qxg5 Qd8 20. Qxd8 Rxd8 21.
Rxf5 Bd7 22. Raf1 Rf8 23. Rxf8+ Rxf8 24. Rxf8+ Kxf8 25. a5 Ke7 26. Kf2 Be8 27.
Bd3 h6 28. Ke1 Kd7 29. b4 Kc7 30. Kd2 b5 31. axb6+ Kxb6 32. Kc3 Bf7 33. g4
1/2-1/2

[Event "V Weekend A"]
[Site "Porto Sant'Elpidio ITA"]
[Date "2002.11.10"]
[Round "6"]
[White "Villani, Cristian"]
[Black "Tacconelli, Valentino"]
[Result "1-0"]
[WhiteElo "1756"]
[BlackElo "1774"]
[PlyCount "77"]
[EventDate "2002.11.02"]

1. d4 Nf6 2. Nf3 e6 3. c4 Bb4+ 4. Bd2 Be7 5. Nc3 d5 6. Bf4 c6 7. Ne5 Nbd7 8. e3
O-O 9. Bd3 Re8 10. g4 dxc4 11. Nxc4 Nd5 12. Bg3 Nxc3 13. bxc3 Nf8 14. h4 c5 15.
Be4 a5 16. g5 Ra7 17. Rb1 b5 18. Rxb5 cxd4 19. Ne5 Ba6 20. Nc6 Qd7 21. Rxa5 Bd8
22. Ra4 Bc7 23. Nxa7 Bxg3 24. Rxa6 Bb8 25. Bc6 Qc7 26. Bxe8 Qxc3+ 27. Ke2 dxe3
28. fxe3 Qc4+ 29. Qd3 Qg4+ 30. Ke1 Qg3+ 31. Kd1 Qf3+ 32. Kc2 Qg2+ 33. Kb3 Qxh1
34. Nc6 Bc7 35. Ra7 Bg3 36. Rxf7 Ng6 37. Rf1 Qxh4 38. Bf7+ Kh8 39. Qd8+ 1-0

[Event "VII Memorial Roberto Magari A"]
[Site "Siena ITA"]
[Date "2002.11.01"]
[Round "1"]
[White "Bonetti, Carlo"]
[Black "Qvortrup, Jon"]
[Result "1/2-1/2"]
[WhiteElo "1778"]
[BlackElo "2232"]
[PlyCount "73"]
[EventDate "2002.11.01"]

1. e4 e6 2. d4 d5 3. e5 c5 4. c3 Qb6 5. Nf3 Bd7 6. a3 Nh6 7. b4 cxd4 8. cxd4
Be7 9. Nc3 Nf5 10. Be3 O-O 11. Bd3 Nxe3 12. fxe3 f5 13. exf6 Bxf6 14. O-O Be8
15. Qc2 h6 16. Qf2 Nd7 17. Qg3 Rc8 18. Rac1 Bf7 19. Na4 Qd8 20. Nc5 Nxc5 21.
bxc5 Qa5 22. Ne5 Bxe5 23. Qxe5 Qxa3 24. Bb5 a6 25. Bd7 Rcd8 26. Bxe6 Bxe6 27.
Rxf8+ Rxf8 28. Qxe6+ Kh7 29. Rf1 Rxf1+ 30. Kxf1 Qd3+ 31. Ke1 Qb1+ 32. Kf2 Qc2+
33. Ke1 a5 34. Qxd5 a4 35. e4 Qc1+ 36. Ke2 Qc2+ 37. Ke1 1/2-1/2

[Event "VII Memorial Roberto Magari A"]
[Site "Siena ITA"]
[Date "2002.11.01"]
[Round "1"]
[White "Calugi, Francesco"]
[Black "Ambrosanio, Raffaele"]
[Result "1-0"]
[WhiteElo "2149"]
[BlackElo "1732"]
[PlyCount "61"]
[EventDate "2002.11.01"]

1. e4 d6 2. d4 Nf6 3. Nc3 g6 4. Be3 c6 5. Qd2 b5 6. Bd3 Ng4 7. Bg5 h6 8. Bh4
Bg7 9. h3 Nf6 10. f4 O-O 11. Nf3 Nbd7 12. O-O b4 13. Ne2 Rb8 14. e5 dxe5 15.
fxe5 Nd5 16. e6 fxe6 17. Bg3 Rb6 18. Bxg6 N7f6 19. Ne5 Ba6 20. Rae1 Qc8 21. Nd3
Bxd3 22. Bxd3 c5 23. dxc5 Rc6 24. Nd4 Rxc5 25. Nxe6 Ra5 26. Nxf8 Bxf8 27. Bf5
Qc5+ 28. Bf2 Qc7 29. Be6+ Kg7 30. Bd4 Ra6 31. Bxd5 1-0

[Event "VII Memorial Roberto Magari A"]
[Site "Siena ITA"]
[Date "2002.11.01"]
[Round "1"]
[White "Codacci, Jose'"]
[Black "Lotti, Fabio"]
[Result "1-0"]
[WhiteElo "1720"]
[BlackElo "2040"]
[PlyCount "73"]
[EventDate "2002.11.01"]

1. c4 c5 2. Nc3 Nc6 3. g3 g6 4. Bg2 Bg7 5. Nf3 Nf6 6. O-O O-O 7. a3 d6 8. Rb1
Rb8 9. b4 b6 10. d3 Ng4 11. Nd5 Be6 12. e4 Nd4 13. Nh4 Bxd5 14. cxd5 Ne5 15. f4
Nd7 16. Kh1 Rc8 17. Bb2 cxb4 18. axb4 b5 19. Bh3 Rc7 20. Qg4 Nf6 21. Qd1 Nd7
22. Rc1 Rxc1 23. Qxc1 Nb6 24. Bxd4 Bxd4 25. Qc6 Na4 26. Nf3 Qb6 27. Qd7 Nb2 28.
Qxe7 Nxd3 29. Ng5 Bg7 30. Be6 fxe6 31. Qxe6+ Kh8 32. Nf7+ Rxf7 33. Qxf7 h6 34.
f5 gxf5 35. exf5 Nf2+ 36. Kg2 Qd4 37. f6 1-0

[Event "VII Memorial Roberto Magari A"]
[Site "Siena ITA"]
[Date "2002.11.01"]
[Round "1"]
[White "Mazzotti, Federico"]
[Black "Tomba, Ivan"]
[Result "0-1"]
[WhiteElo "1752"]
[BlackElo "2158"]
[PlyCount "98"]
[EventDate "2002.11.01"]

1. e4 c5 2. Nf3 d6 3. d4 cxd4 4. Qxd4 Nc6 5. Bb5 Bd7 6. Bxc6 Bxc6 7. Nc3 e6 8.
Be3 Nf6 9. O-O-O Be7 10. e5 dxe5 11. Qxd8+ Bxd8 12. Nxe5 Bb6 13. Bxb6 axb6 14.
Nxc6 bxc6 15. Rd6 Rc8 16. Rd4 Ke7 17. Rhd1 Ra8 18. a3 Ra5 19. f3 h5 20. Ne4
Nxe4 21. Rd7+ Kf6 22. fxe4 Rg5 23. g3 Kg6 24. Rf1 Rf8 25. Rc7 Rc5 26. b4 Rc4
27. e5 c5 28. Kb2 Re4 29. bxc5 Rxe5 30. c6 Rb5+ 31. Kc3 Rc5+ 32. Kb3 e5 33. Rf3
e4 34. Rc3 Re5 35. Re3 f5 36. c4 Rc5 37. Kb4 Rf6 38. a4 Re6 39. Rc8 Kg5 40. c7
Rec6 41. Re1 Rxc4+ 42. Kb5 R4c5+ 43. Ka6 b5+ 44. Kb7 bxa4 45. Ra1 e3 46. Rxa4
e2 47. Ra1 Rc2 48. Re1 R6c3 49. Kb8 Rb2+ 0-1

[Event "VII Memorial Roberto Magari A"]
[Site "Siena ITA"]
[Date "2002.11.01"]
[Round "1"]
[White "Mogranzini, Roberto"]
[Black "Stefanelli, Alfredo"]
[Result "1-0"]
[WhiteElo "2161"]
[BlackElo "1756"]
[PlyCount "48"]
[EventDate "2002.11.01"]

1. e4 c5 2. Nf3 e6 3. d4 cxd4 4. Nxd4 a6 5. g3 Nf6 6. Bg2 Be7 7. O-O d6 8. c4
e5 9. Nc2 O-O 10. Nc3 Qc7 11. Qd3 Nbd7 12. Ne3 Nc5 13. Qe2 Be6 14. b3 Rab8 15.
Bb2 Qa5 16. f4 b5 17. cxb5 axb5 18. f5 Bc8 19. Ned5 Bd8 20. b4 Qa7 21. bxc5
Nxd5 22. Nxd5 Qxc5+ 23. Kh1 b4 24. f6 g6 1-0

[Event "VII Memorial Roberto Magari A"]
[Site "Siena ITA"]
[Date "2002.11.01"]
[Round "1"]
[White "Pasotti, Andrea"]
[Black "Tagliagambe, Stefano"]
[Result "0-1"]
[WhiteElo "1705"]
[BlackElo "1828"]
[PlyCount "62"]
[EventDate "2002.11.01"]

1. g3 d5 2. Bg2 e5 3. b3 Nf6 4. Bb2 Bd6 5. Nf3 Nc6 6. O-O h5 7. h4 Bf5 8. e3
Qd7 9. d4 e4 10. Nh2 Nd8 11. c4 c6 12. Qe1 O-O 13. cxd5 cxd5 14. Nc3 Nc6 15. a3
a5 16. Nb5 Rfc8 17. Nxd6 Qxd6 18. Qd2 Nd7 19. Qe2 g6 20. g4 hxg4 21. Nxg4 Kg7
22. f4 Rh8 23. Kf2 Rxh4 24. Ne5 Rah8 25. Rh1 Qe7 26. Qf1 Rxh1 27. Bxh1 Rh2+ 28.
Bg2 Bh3 29. Kg1 Rxg2+ 30. Kh1 Qh4 31. Nxd7 Bxd7+ 0-1

[Event "VII Memorial Roberto Magari A"]
[Site "Siena ITA"]
[Date "2002.11.01"]
[Round "2"]
[White "Bighiu, Gheorghe"]
[Black "Bonetti, Carlo"]
[Result "1-0"]
[WhiteElo "1777"]
[BlackElo "1778"]
[PlyCount "79"]
[EventDate "2002.11.01"]

1. a3 g6 2. d4 Nf6 3. Nf3 d6 4. b3 Bg7 5. Bb2 c6 6. e3 Nbd7 7. Be2 O-O 8. O-O
Qc7 9. Nbd2 b5 10. c4 a6 11. Rc1 Bb7 12. cxb5 axb5 13. Bxb5 Qb6 14. Bd3 Rfc8
15. e4 c5 16. d5 Ba6 17. Qe2 Rcb8 18. Bxa6 Qxa6 19. Qxa6 Rxa6 20. Rc2 Ng4 21.
Bxg7 Kxg7 22. a4 Rb4 23. h3 Nge5 24. Nxe5 Nxe5 25. Rc3 Rd4 26. f4 Nd7 27. Rf2
Rb6 28. Re2 f6 29. Nc4 Rb4 30. Re1 Nb8 31. Kf2 Na6 32. Kg3 Rb8 33. a5 Rb5 34.
Kf3 Kf7 35. Ke3 f5 36. exf5 gxf5 37. Kf3 Nb4 38. Rce3 Rxd5 39. Rxe7+ Kf6 40.
R1e6# 1-0

[Event "VII Memorial Roberto Magari A"]
[Site "Siena ITA"]
[Date "2002.11.01"]
[Round "2"]
[White "Canestrelli, Luigi"]
[Black "Calugi, Francesco"]
[Result "0-1"]
[WhiteElo "1714"]
[BlackElo "2149"]
[PlyCount "74"]
[EventDate "2002.11.01"]

1. d4 Nf6 2. g3 g6 3. Bg2 Bg7 4. Nf3 O-O 5. O-O d6 6. c4 Nc6 7. Nc3 e5 8. d5
Ne7 9. Bg5 h6 10. Bd2 Nd7 11. e4 f5 12. exf5 gxf5 13. Nh4 Nf6 14. Rc1 c5 15.
dxc6 bxc6 16. Qe2 Qc7 17. Nb5 Qb8 18. Bb4 cxb5 19. Bxa8 a5 20. Bxd6 Qxd6 21.
cxb5 e4 22. Rfd1 Qb8 23. Bc6 Ng4 24. f4 Qb6+ 25. Kg2 Ne3+ 26. Kh3 Nxd1 27. Qxd1
Bf6 28. Qh5 Kg7 29. Rd1 Rd8 30. Rxd8 Qxd8 31. Be8 Be6 32. Ng2 Qd4 33. b3 Qf2
34. Qd1 e3 35. b6 Bd5 36. Nxe3 Qxe3 37. Qc2 Qf3 0-1

[Event "VII Memorial Roberto Magari A"]
[Site "Siena ITA"]
[Date "2002.11.01"]
[Round "2"]
[White "Qvortrup, Jon"]
[Black "Traversi, Carlo"]
[Result "1-0"]
[WhiteElo "2232"]
[BlackElo "1537"]
[PlyCount "49"]
[EventDate "2002.11.01"]

1. d4 Nf6 2. c4 g6 3. Nc3 d5 4. Bf4 Bg7 5. e3 c6 6. Rc1 O-O 7. h3 Qa5 8. Nf3
Be6 9. Ng5 Bf5 10. Qb3 h6 11. Nf3 Qb6 12. Qxb6 axb6 13. cxd5 cxd5 14. Bb5 e6
15. O-O Nc6 16. Ne5 Rfc8 17. g4 g5 18. gxf5 gxf4 19. fxe6 fxe6 20. Na4 Nxe5 21.
Rxc8+ Rxc8 22. dxe5 Nh5 23. Bd7 Rc2 24. Bxe6+ Kh8 25. Bg4 1-0

[Event "VII Memorial Roberto Magari A"]
[Site "Siena ITA"]
[Date "2002.11.01"]
[Round "2"]
[White "Tagliagambe, Stefano"]
[Black "Mogranzini, Roberto"]
[Result "0-1"]
[WhiteElo "1828"]
[BlackElo "2161"]
[PlyCount "102"]
[EventDate "2002.11.01"]

1. Nf3 Nf6 2. c4 g6 3. b3 Bg7 4. Bb2 O-O 5. g3 d6 6. d4 Nbd7 7. Bg2 c6 8. O-O
Re8 9. Nc3 Rb8 10. Qd2 b5 11. cxb5 cxb5 12. d5 b4 13. Na4 Bb7 14. Nd4 Nxd5 15.
Rac1 N7b6 16. Nc6 Bxc6 17. Rxc6 Bxb2 18. Nxb2 Nc3 19. Nd1 Nxd1 20. Rxd1 Nd7 21.
Rc4 Qa5 22. Rdc1 Nf6 23. Rc7 Rb5 24. e4 Ng4 25. h3 Nf6 26. R1c2 Qb6 27. R2c6
Qb8 28. Rc4 Qb6 29. R4c6 Qb8 30. Rc4 a5 31. Bf3 Rb7 32. Rxb7 Qxb7 33. Kg2 Qb6
34. g4 Nd7 35. Be2 e5 36. Rc2 Nc5 37. Qd5 Ne6 38. Qb5 Qxb5 39. Bxb5 Rb8 40. Bf1
Nc5 41. f3 Kf8 42. Kf2 Ke7 43. Ke3 f6 44. Bc4 Rh8 45. Bd5 h5 46. a3 hxg4 47.
hxg4 Rb8 48. axb4 Rxb4 49. Ra2 Nxb3 50. Bxb3 Rxb3+ 51. Ke2 Rb5 0-1

[Event "VII Memorial Roberto Magari A"]
[Site "Siena ITA"]
[Date "2002.11.01"]
[Round "2"]
[White "Tomba, Ivan"]
[Black "Codacci, Jose'"]
[Result "1-0"]
[WhiteElo "2158"]
[BlackElo "1720"]
[PlyCount "61"]
[EventDate "2002.11.01"]

1. e4 c5 2. Nf3 d6 3. d4 cxd4 4. Nxd4 Nf6 5. Nc3 a6 6. Bc4 e6 7. Bb3 Be7 8. g4
Nc6 9. g5 Nxd4 10. Qxd4 Nh5 11. Rg1 Bd7 12. Be3 Rc8 13. O-O-O b5 14. f4 Qc7 15.
f5 Qc5 16. Qd2 Qe5 17. Bd4 Qf4 18. Qxf4 Nxf4 19. Bxg7 Rg8 20. f6 Bd8 21. Rgf1
Ng6 22. Rxd6 Bc7 23. Rxa6 Bxh2 24. Rb6 Rc5 25. Rd1 Rxg5 26. Ra6 Bf4+ 27. Kb1
Rc5 28. Ra8+ Rc8 29. Rxc8+ Bxc8 30. Nxb5 h5 31. Nc7+ 1-0

[Event "VII Memorial Roberto Magari A"]
[Site "Siena ITA"]
[Date "2002.11.02"]
[Round "3"]
[White "Calugi, Francesco"]
[Black "Tomba, Ivan"]
[Result "1/2-1/2"]
[WhiteElo "2149"]
[BlackElo "2158"]
[PlyCount "73"]
[EventDate "2002.11.01"]

1. e4 c5 2. Nf3 d6 3. d4 cxd4 4. Nxd4 Nf6 5. Nc3 a6 6. Bg5 e6 7. f4 Be7 8. Qf3
Qa5 9. O-O-O Nbd7 10. Bc4 Nb6 11. Bb3 h6 12. Bh4 g5 13. fxg5 hxg5 14. Bg3 Qc5
15. Rhe1 Nh5 16. Bf2 Qc7 17. Nf5 Nd7 18. Nxe7 Kxe7 19. Bd4 Ne5 20. Qe3 Rg8 21.
Rf1 Rg7 22. Bb6 Qc6 23. Qd4 Nd7 24. Ba5 Qc5 25. Bb4 Qxd4 26. Rxd4 b5 27. Bxd6+
Ke8 28. e5 Nf4 29. g3 Ng6 30. Re1 Bb7 31. Ne4 Bxe4 32. Rdxe4 Rh7 33. R4e2 Rc8
34. a4 Nc5 35. Bxc5 Rxc5 36. axb5 axb5 37. Kb1 1/2-1/2

[Event "VII Memorial Roberto Magari A"]
[Site "Siena ITA"]
[Date "2002.11.02"]
[Round "3"]
[White "Codacci, Jose'"]
[Black "Qvortrup, Jon"]
[Result "0-1"]
[WhiteElo "1720"]
[BlackElo "2232"]
[PlyCount "50"]
[EventDate "2002.11.01"]

1. e4 e6 2. d3 d5 3. Nd2 Nf6 4. g3 dxe4 5. dxe4 Nc6 6. Bg2 e5 7. Ngf3 Bc5 8.
O-O O-O 9. c3 a5 10. Qa4 Qe7 11. b4 Bd6 12. Nh4 Qe8 13. Nc4 b5 14. Nxd6 cxd6
15. Qd1 axb4 16. cxb4 Qe6 17. a4 bxa4 18. Rxa4 Rb8 19. Ba3 g6 20. Qc2 Bd7 21.
Qd2 Nd4 22. Ra7 Bb5 23. Rd1 Rfc8 24. Qh6 Ne2+ 25. Kh1 Ng4 0-1

[Event "VII Memorial Roberto Magari A"]
[Site "Siena ITA"]
[Date "2002.11.02"]
[Round "3"]
[White "Mazzotti, Federico"]
[Black "Nelli, Carlo"]
[Result "0-1"]
[WhiteElo "1752"]
[BlackElo "1779"]
[PlyCount "64"]
[EventDate "2002.11.01"]

1. e4 d6 2. d4 Nf6 3. Nc3 g6 4. f3 Bg7 5. Be3 O-O 6. Qd2 c6 7. O-O-O b5 8. Bd3
Qa5 9. Kb1 Re8 10. h4 h5 11. Bh6 e5 12. Bxg7 Kxg7 13. dxe5 dxe5 14. g4 Be6 15.
b3 Na6 16. gxh5 Nxh5 17. Nge2 Nc5 18. Rdg1 Qd8 19. f4 b4 20. Nd1 Nxe4 21. Qxb4
Nd6 22. fxe5 Nf5 23. Rg5 c5 24. Qc3 Nxh4 25. Rxh5 gxh5 26. Qe1 Ng6 27. Rg1 Bg4
28. Ne3 Rxe5 29. Nxg4 hxg4 30. Rxg4 Qf6 31. Qg1 Rae8 32. Rf4 Qxf4 0-1

[Event "VII Memorial Roberto Magari A"]
[Site "Siena ITA"]
[Date "2002.11.02"]
[Round "3"]
[White "Pasotti, Andrea"]
[Black "Mazzotti, Federico"]
[Result "0-1"]
[WhiteElo "1705"]
[BlackElo "1752"]
[PlyCount "66"]
[EventDate "2002.11.01"]

1. e4 c5 2. Nf3 Nc6 3. d4 cxd4 4. Nxd4 Qc7 5. Nb5 Qb8 6. N1c3 a6 7. Na3 b5 8.
Nd5 Nf6 9. Bf4 e5 10. Nxf6+ gxf6 11. Be3 Qc7 12. Qd2 Bb7 13. Bh6 Be7 14. c3
O-O-O 15. Nc2 Na5 16. c4 Nxc4 17. Bxc4 bxc4 18. O-O Bxe4 19. Ne3 d5 20. f3 Bd3
21. Rfc1 Qb6 22. Kh1 Bb4 23. Qd1 Bc5 24. Qd2 Rhg8 25. Ng4 e4 26. Qf4 exf3 27.
gxf3 Qxb2 28. Rd1 f5 29. Rac1 fxg4 30. Rxd3 gxf3 31. Qf5+ Rd7 32. Qxf3 Qxc1+
33. Bxc1 Rg1# 0-1

[Event "VII Memorial Roberto Magari A"]
[Site "Siena ITA"]
[Date "2002.11.02"]
[Round "3"]
[White "Stefanelli, Alfredo"]
[Black "Tagliagambe, Stefano"]
[Result "0-1"]
[WhiteElo "1756"]
[BlackElo "1828"]
[PlyCount "70"]
[EventDate "2002.11.01"]

1. d4 e6 2. Nf3 b6 3. Bf4 Bb7 4. Nbd2 f5 5. e3 Nf6 6. Bd3 Be7 7. c4 O-O 8. h3
Bd6 9. Bg5 Nc6 10. O-O h6 11. Bxf6 Qxf6 12. Rc1 Rae8 13. Bb1 Bb4 14. Nb3 Rf7
15. a3 Bf8 16. Qc2 Nd8 17. Nbd2 g5 18. e4 g4 19. Ne5 gxh3 20. Nxf7 hxg2 21.
Kxg2 Nxf7 22. Rg1 Bg7 23. Kf1 Qxd4 24. exf5 exf5 25. Qxf5 Ng5 26. Rxg5 hxg5 27.
Qh7+ Kf8 28. Qf5+ Qf6 29. Qxf6+ Bxf6 30. b3 Bb2 31. Rd1 Bxa3 32. Bg6 Re5 33.
Nb1 Bd6 34. Nc3 Kg7 35. Be8 Rxe8 0-1

[Event "VII Memorial Roberto Magari A"]
[Site "Siena ITA"]
[Date "2002.11.02"]
[Round "4"]
[White "Bighiu, Gheorghe"]
[Black "Calugi, Francesco"]
[Result "0-1"]
[WhiteElo "1777"]
[BlackElo "2149"]
[PlyCount "130"]
[EventDate "2002.11.01"]

1. a3 Nf6 2. Nf3 g6 3. Nc3 Bg7 4. e4 d6 5. d4 O-O 6. Bc4 Nxe4 7. Bxf7+ Rxf7 8.
Nxe4 Bf5 9. Nfg5 Rf8 10. Ng3 Bd7 11. c3 e6 12. O-O h6 13. Nf3 Bc6 14. Qe2 Qf6
15. Nd2 Nd7 16. Nde4 Qf7 17. Be3 Nf6 18. Nxf6+ Qxf6 19. Qd2 Qh4 20. f3 Rae8 21.
Rae1 Rf7 22. Qd3 Qf6 23. c4 a6 24. b3 b5 25. Qd2 bxc4 26. bxc4 d5 27. c5 Bb5
28. Rf2 e5 29. Bxh6 Bxh6 30. Qxh6 Rh7 31. Qd2 Qh4 32. Nf1 exd4 33. Rxe8+ Bxe8
34. g3 Qf6 35. Qb2 Bb5 36. Nd2 Re7 37. Nb3 Re1+ 38. Kg2 Rd1 39. Nd2 Qe5 40. Qc2
Qe1 41. Qxg6+ Kh8 42. Qf6+ Kg8 43. Qxd4 Bf1+ 44. Rxf1 Rxd2+ 45. Qf2 Rxf2+ 46.
Rxf2 Qc3 47. f4 Qxc5 48. g4 Qxa3 49. f5 Qe3 50. h4 d4 51. g5 d3 52. f6 d2 53.
g6 Qxf2+ 54. Kxf2 d1=Q 55. Kg3 Qd3+ 56. Kf4 Qxg6 57. Ke5 Kf7 58. h5 Qxh5+ 59.
Kd4 Kxf6 60. Kc4 Qe5 61. Kb4 Qd5 62. Kc3 Ke5 63. Kb4 Kd4 64. Ka4 Kc3 65. Ka3
Qb3# 0-1

[Event "VII Memorial Roberto Magari A"]
[Site "Siena ITA"]
[Date "2002.11.02"]
[Round "4"]
[White "Lotti, Fabio"]
[Black "Bonetti, Carlo"]
[Result "1/2-1/2"]
[WhiteElo "2040"]
[BlackElo "1778"]
[PlyCount "78"]
[EventDate "2002.11.01"]

1. d4 Nf6 2. Bg5 Ne4 3. Bf4 c5 4. d5 d6 5. f3 Qa5+ 6. c3 Nf6 7. e4 Nbd7 8. Na3
a6 9. Nc4 Qc7 10. a4 b6 11. Nh3 g6 12. Qd2 h6 13. Nf2 Bb7 14. h3 Bg7 15. Ng4 g5
16. Nxf6+ Bxf6 17. Bg3 b5 18. axb5 axb5 19. Rxa8+ Bxa8 20. Ne3 b4 21. Bb5 bxc3
22. Bxd7+ Kxd7 23. bxc3 Qa5 24. Nd1 Bb7 25. O-O Ra8 26. Qb2 Ba6 27. Re1 Bd3 28.
Qb7+ Ke8 29. e5 dxe5 30. Bxe5 Bxe5 31. Rxe5 Qd8 32. d6 e6 33. Qc6+ Kf8 34. Qxc5
Ra1 35. Re1 Bc2 36. Qd4 Ke8 37. Kf2 Rxd1 38. Rxd1 Bxd1 39. Qxd1 Qb6+ 1/2-1/2

[Event "VII Memorial Roberto Magari A"]
[Site "Siena ITA"]
[Date "2002.11.02"]
[Round "4"]
[White "Qvortrup, Jon"]
[Black "Mogranzini, Roberto"]
[Result "1-0"]
[WhiteElo "2232"]
[BlackElo "2161"]
[PlyCount "33"]
[EventDate "2002.11.01"]

1. d4 Nf6 2. c4 g6 3. Nc3 d5 4. Bf4 Bg7 5. Rc1 c6 6. e3 O-O 7. Nf3 Qa5 8. Qd2
dxc4 9. Bxc4 b5 10. Bd3 b4 11. Ne4 Nxe4 12. Bxe4 Ba6 13. a3 Qh5 14. Qxb4 Nd7
15. h3 f5 16. Bxc6 Rac8 17. Qa4 1-0

[Event "VII Memorial Roberto Magari A"]
[Site "Siena ITA"]
[Date "2002.11.02"]
[Round "4"]
[White "Tomba, Ivan"]
[Black "Tagliagambe, Stefano"]
[Result "1-0"]
[WhiteElo "2158"]
[BlackElo "1828"]
[PlyCount "113"]
[EventDate "2002.11.01"]

1. e4 c5 2. Nf3 Nc6 3. d4 cxd4 4. Nxd4 e6 5. Nc3 a6 6. Be3 Nge7 7. Bd3 Nxd4 8.
Bxd4 Nc6 9. Be3 b5 10. O-O Be7 11. f4 Bb7 12. Qg4 g6 13. f5 O-O 14. Qf4 e5 15.
Qh6 Nd4 16. Nd5 Bxd5 17. exd5 Bf6 18. c3 Bg7 19. Qh3 Nxf5 20. Rxf5 gxf5 21.
Qxf5 Re8 22. Rf1 e4 23. Bxe4 Rxe4 24. Qxe4 Qe8 25. Qf3 Rc8 26. Qg3 Qe5 27. Qxe5
Bxe5 28. Bf4 Bxf4 29. Rxf4 Re8 30. Kf2 Re5 31. Rd4 Kf8 32. b3 Ke7 33. c4 Kd6
34. Rg4 f5 35. Rh4 bxc4 36. bxc4 Re7 37. Rh6+ Kc5 38. Rxa6 Kxc4 39. d6 Re6 40.
a4 Kc5 41. Kf3 Re4 42. a5 Rb4 43. g3 Ra4 44. h4 Rd4 45. Ke3 Rg4 46. Kf3 Rd4 47.
h5 Kb5 48. Ra8 Rxd6 49. Kf4 h6 50. Kxf5 Rd5+ 51. Kg6 Rg5+ 52. Kxh6 Rxg3 53. a6
Rd3 54. Kg7 Rg3+ 55. Kh7 d5 56. a7 Kb6 57. Rg8 1-0

[Event "VII Memorial Roberto Magari A"]
[Site "Siena ITA"]
[Date "2002.11.03"]
[Round "5"]
[White "Bonetti, Carlo"]
[Black "Nelli, Carlo"]
[Result "0-1"]
[WhiteElo "1778"]
[BlackElo "1779"]
[PlyCount "67"]
[EventDate "2002.11.01"]

1. e4 d6 2. d3 Nc6 3. Nf3 g6 4. c3 Bg7 5. Nbd2 e5 6. Be2 Be6 7. Qc2 f5 8. b4
Nh6 9. Bb2 Nf7 10. a3 O-O 11. h3 Ne7 12. Nh2 Qd7 13. d4 d5 14. c4 c6 15. Nhf3
fxe4 16. Nxe5 Nxe5 17. dxe5 Rf7 18. Nb3 Raf8 19. Nc5 Qc8 20. Nxe6 Qxe6 21. Bd4
Bxe5 22. Bxe5 Qxe5 23. O-O Rxf2 24. cxd5 Rxf1+ 25. Rxf1 Rxf1+ 26. Kxf1 cxd5 27.
Bg4 h5 28. Bd7 Kg7 29. a4 e3 30. Ke2 Qf4 31. Ke1 Qxb4+ 32. Kf1 Qd6 33. Bc8 Nxc8
34. Qxc8 0-1

[Event "VII Memorial Roberto Magari A"]
[Site "Siena ITA"]
[Date "2002.11.03"]
[Round "5"]
[White "Calugi, Francesco"]
[Black "Qvortrup, Jon"]
[Result "1/2-1/2"]
[WhiteElo "2149"]
[BlackElo "2232"]
[PlyCount "43"]
[EventDate "2002.11.01"]

1. e4 e6 2. d4 d5 3. Nc3 Nf6 4. e5 Nfd7 5. f4 c5 6. Nf3 Qb6 7. Na4 Qc6 8. Nc3
Qb6 9. Na4 Qa5+ 10. c3 cxd4 11. b4 Qc7 12. Nxd4 a6 13. Bd2 Nc6 14. a3 Be7 15.
Bd3 b5 16. Nb2 Nxd4 17. cxd4 Qa7 18. Bc3 Nb6 19. O-O Nc4 20. Qe2 g6 21. a4 Qb8
22. Rfb1 1/2-1/2

[Event "VII Memorial Roberto Magari A"]
[Site "Siena ITA"]
[Date "2002.11.03"]
[Round "5"]
[White "Canestrelli, Luigi"]
[Black "Lotti, Fabio"]
[Result "1/2-1/2"]
[WhiteElo "1714"]
[BlackElo "2040"]
[PlyCount "79"]
[EventDate "2002.11.01"]

1. d4 d5 2. c4 e6 3. Nf3 Nf6 4. g3 Be7 5. Nc3 O-O 6. cxd5 exd5 7. Bg2 c6 8. O-O
h6 9. Bf4 Re8 10. Qd2 Ne4 11. Nxe4 dxe4 12. Ne5 Bf5 13. Rad1 Na6 14. d5 g5 15.
g4 Bh7 16. Bg3 cxd5 17. Qxd5 Qxd5 18. Rxd5 Rad8 19. Rfd1 Rxd5 20. Rxd5 Rd8 21.
Rxd8+ Bxd8 22. Nc4 Be7 23. Nd6 Nc5 24. b4 Bxd6 25. Bxd6 Ne6 26. e3 f5 27. gxf5
Bxf5 28. Kf1 g4 29. Ke2 Kf7 30. Be5 a6 31. Kd2 Ng5 32. Bf4 Nf3+ 33. Kc3 Be6 34.
a4 h5 35. Bf1 Bd5 36. Bc4 Ke6 37. b5 axb5 38. Bxb5 h4 39. Kb4 Ne1 40. Kc3
1/2-1/2

[Event "VII Memorial Roberto Magari A"]
[Site "Siena ITA"]
[Date "2002.11.03"]
[Round "5"]
[White "Mogranzini, Roberto"]
[Black "Tomba, Ivan"]
[Result "1/2-1/2"]
[WhiteElo "2161"]
[BlackElo "2158"]
[PlyCount "64"]
[EventDate "2002.11.01"]

1. e4 c5 2. Nf3 d6 3. d4 cxd4 4. Nxd4 Nf6 5. Nc3 a6 6. Be2 e6 7. O-O Be7 8. a4
O-O 9. f4 Nc6 10. Be3 Qc7 11. Kh1 Re8 12. a5 Nxa5 13. e5 dxe5 14. fxe5 Qxe5 15.
Bf4 Qc5 16. Na4 Qa7 17. Bc7 b5 18. Nb6 Rb8 19. Bxb8 Qxb6 20. Be5 Nc4 21. Bxc4
bxc4 22. Qe2 Bb7 23. Rad1 Qc5 24. Bxf6 Bxf6 25. Nf5 Bxg2+ 26. Kxg2 Qc6+ 27. Qf3
Qxf3+ 28. Rxf3 exf5 29. c3 g6 30. Ra1 Re2+ 31. Rf2 Re6 32. Rf4 Rb6 1/2-1/2

[Event "VII Memorial Roberto Magari A"]
[Site "Siena ITA"]
[Date "2002.11.03"]
[Round "6"]
[White "Calugi, Francesco"]
[Black "Mogranzini, Roberto"]
[Result "0-1"]
[WhiteElo "2149"]
[BlackElo "2161"]
[PlyCount "54"]
[EventDate "2002.11.01"]

1. e4 c5 2. Nf3 e6 3. d4 cxd4 4. Nxd4 a6 5. Bd3 Qc7 6. O-O Nc6 7. Nxc6 dxc6 8.
Be3 Nf6 9. Nd2 b5 10. Nb3 c5 11. Nd2 c4 12. Be2 Bb7 13. Bf3 Bd6 14. g3 h5 15.
Bg2 Ng4 16. Qe2 Nxe3 17. Qxe3 h4 18. Nf3 hxg3 19. hxg3 Bc5 20. Qg5 Bxe4 21.
Rad1 f6 22. Qg4 Bf5 23. Qf4 Qxf4 24. gxf4 Rd8 25. c3 Kf7 26. Nd4 Bxd4 27. cxd4
Bd3 0-1